000 00308nam a22001337a 4500
008 181001b xxu||||| |||| 00| 0 eng d
020 _a9780977620906
041 _aeng
080 _a573
100 _a11
101 _aBIO
245 _aHandbook of Forage and Rangeland Insects
_cLamp,W.O
942 _2udc
_cBK
999 _c48760
_d48760